00425nam a2200145 a 4500008004100000050001400041100003500055245008000090250001100170260004200181300001500223350000900238650001500247650001700262080109s1969 ||||||||||||||||| || u aHD 31 Org aLitterer, Joseph August, 1926-10aOrganizations: structure and behavior v.1cedited by Joseph August Litterer a2nd ed aNew YorkbJohn Wiley and Sonsc[1969] axii, 498p. a0.00 0aMANAGEMENT aORGANIZATION